000 01539cam a22005054i 4500
003 PE-LiUPU
005 20250731184540.0
008 190819s1999 gw r1 00b 0 esp d
020 _a4499070341
020 _a8424499070344
035 _a(Sirsi) a252510
040 _aPE-LiUPU
_bspa
_cPE-LiUPU
_erda
049 _aPRUA
082 0 4 _a927
_bG32
_223
100 1 _aGay, Peter,
_eautor.
245 1 0 _aWolfgang Amadeus Mozart /
_cPeter Gay.
264 1 _aAlemania :
_bABC,
_c1999.
300 _a188 página ;
_c21 centímetros
336 _atext
_2rdacontent
337 _aunmediated
_2rdamedia
338 _avolume
_2rdacarrier
504 _aBibliografía: páginas 169-183.
504 _aÍndice: páginas 185-188.
505 0 _aEl prodigio -- El hijo -- El sirviente -- El profesional -- El medico -- El maestro -- El deramaturgo -- El clásico.
526 _aP136
526 _aP135
526 _aP134
526 _aP133
526 _aP144
526 _aP143
526 _aP87
526 _aP35
526 _aP20
526 _aP14
526 _aP10
526 _aP06
650 0 4 _aAmadeus.
650 0 4 _aMozart.
910 _abgr
_bksl
_cksl
_d20190819
942 _2ddc
_cBOOK
994 _aC0
_bPEPRU
596 _a1
999 _a927 G32
_wDEWEY
_c31740
_i80632
_f2021-11-9
_g3
_lCCODEBUL1
_mBUL
_p10.00
_r0
_sY
_tBOOK
_u2019-8-19
_xEDUCACION
_PP14
_0DONACION
_o.STAFF. Colección Ciencias Humanas y Educación
_d31740
980 _81
_gALBERTO SANCHEZ Responsable de Automatización